000 00305nam a22001337a 4500
008 170904b xxu||||| |||| 00| 0 eng d
020 _a9780205294787
041 _aeng
080 _23 ED
_a070
100 _a40
101 _aMED
245 _aMASTERING PUBLIC SPEAKING
_cGRICE.G.I
942 _2udc
_cBK
999 _c26067
_d26067